Универсально-сборные приспособления для сборки под сварку металлоконструкций длиной 1000-5000 мм: альбом

Bibliographische Detailangaben
Körperschaft: НИИИнформтяжмаш
Weitere Verfasser: Шац А. С. (составитель), Филатов Л. С., Роменский В. И., Глущенко В. И.
Sprache:Russisch
Veröffentlicht: Москва, [Б. и.], 1970
Schlagworte:
Format: Buch
KOHA link:https://koha.lib.tpu.ru/cgi-bin/koha/opac-detail.pl?biblionumber=96013

MARC

LEADER 00000nam0a2200000 4500
001 96013
005 20231101214037.0
035 |a (RuTPU)RU\TPU\book\102782 
090 |a 96013 
100 |a 20060505d1970 k y0rusy50 ca 
101 0 |a rus 
102 |a RU 
105 |a a z 000zy 
200 1 |a Универсально-сборные приспособления для сборки под сварку металлоконструкций длиной 1000-5000 мм  |e альбом  |f НИИИнформтяжмаш; сост. А. С. Шац, Л. С. Филатов, В. И. Роменский, В. И. Глущенко 
210 |a Москва  |c [Б. и.]  |d 1970 
215 |a 98 с.  |c ил. 
610 1 |a сборочные приспособления 
610 1 |a металлоконструкции 
610 1 |a сварка 
610 1 |a универсально-сборные приспособления 
610 1 |a чертежи 
675 |a 621.803.8(084)  |v 3 
675 |a 621.791.1(084)  |v 3 
702 1 |a Шац  |b А. С.  |4 220 
702 1 |a Филатов  |b Л. С.  |4 220 
702 1 |a Роменский  |b В. И.  |4 220 
702 1 |a Глущенко  |b В. И.  |4 220 
712 0 2 |a НИИИнформтяжмаш  |2 stltpush  |3 (RuTPU)RU\TPU\col\9021  |9 24645 
801 1 |a RU  |b 63413507  |c 20060505  |g PSBO 
801 2 |a RU  |b 63413507  |c 20150902  |g PSBO 
942 |c BK